SCR manual /
Guardado en:
| Autores Corporativos: | , |
|---|---|
| Otros Autores: | , , |
| Formato: | Libro |
| Idioma: | English |
| Publicado: |
Englewood Cliffs, N.J. :
Prentice-Hall,
1982, c1979.
|
| Edición: | 6th ed. |
| Materias: | |
| Etiquetas: |
Agregar Etiqueta
Sin Etiquetas, Sea el primero en etiquetar este registro!
|
| LEADER | 01172cam a2200277 a 4500 | ||
|---|---|---|---|
| 001 | EIQ.libpla003811 | ||
| 008 | 821006t19821979njua#####b####001#0#eng## | ||
| 005 | 20080319190329.0 | ||
| 245 | 0 | 0 | |a SCR manual / |c prepared by Application Engineering Centers ; editors, D.R. Grafham, F.B. Golden ; contributing authors, A.P. Connoly ... [et al.] ; Semiconductor Products Department, General Electric. |
| 250 | |a 6th ed. | ||
| 260 | |a Englewood Cliffs, N.J. : |b Prentice-Hall, |c 1982, c1979. | ||
| 300 | |a xxii, 631 p. : |b il. ; |c 24 cm. | ||
| 504 | |a Incluye referencias bibliográficas e índice. | ||
| 020 | |a 0137967713 | ||
| 020 | |a 0137967632 (pbk.) | ||
| 700 | 1 | |a Grafham, D. R., |e ed. |4 edt | |
| 700 | 1 | |a Golden, F. B. |q (Forest B.), |e ed. |4 edt | |
| 700 | 1 | |a Connolly, A. P. |4 ctb | |
| 710 | 2 | |a Application Engineering Centers. | |
| 710 | 2 | |a General Electric Company. |b Semiconductor Products Dept. | |
| 082 | 0 | 0 | |a 621.3815/322 |2 19 |
| 650 | 4 | |a Rectificadores del semiconductor |x Handbooks, manuales, etc. | |
| 650 | 0 | |a Semiconductor rectifiers |x Handbooks, manuals, etc. | |
| 010 | |a 82193805 | ||
| 040 | |a DLC |c DLC |d AR-BbSID | ||
| 859 | |a AR-BbSID |b BIB. PLAPIQUI |h 621.38 |i Sc 1 |p 2508 | ||
